Interactive web-based business English

Nové metódy vo vyučovaní jazykov - interaktívna odborná angličtina, vzdelávanie na webe. Nové metódy vyučovania jazykov v spoločnosti založenej na vedomostiach. Niektoré výhody a výzvy pre učiteľov, ktorí chcú využiť interaktívne web-based vyučovacie aktivity. Niektoré aktivity Ústavu jazykov Ekonom...

Full description

Saved in:
Bibliographic Details
Main Author: Némethová, Ildikó, 1974-
Format: Book Chapter
Language:English
Subjects:
Tags: Add Tag
No Tags, Be the first to tag this record!

MARC

LEADER 00000nla$a2200000$$$4500
001 0067957
005 20240502083202.3
041 0 |a eng 
044 |a CZ 
245 1 0 |a Interactive web-based business English  |c Ildikó Némethová 
520 |a Nové metódy vo vyučovaní jazykov - interaktívna odborná angličtina, vzdelávanie na webe. Nové metódy vyučovania jazykov v spoločnosti založenej na vedomostiach. Niektoré výhody a výzvy pre učiteľov, ktorí chcú využiť interaktívne web-based vyučovacie aktivity. Niektoré aktivity Ústavu jazykov Ekonomickej univerzity v Bratislave. Využitie elektronickej komunikácie vo vyučovaní cudzích jazykov. 
610 2 0 |a jazyky cudzie 
610 2 0 |a vyučovanie 
610 2 0 |a vzdelávanie elektronické 
610 2 0 |a komunikácia elektronická 
610 2 0 |a internet 
610 2 0 |a technológie informačné 
610 2 0 |a technológie komunikačné 
100 1 |a Némethová, Ildikó, 1974-